Normal view
MARC view
- التراث الثقافي- البلدان الاسلامية
Entry Topical Term
001 - CONTROL NUMBER
- control field: 12017
003 - CONTROL NUMBER IDENTIFIER
- control field: JO-AjAnu
005 - DATE AND TIME OF LATEST TRANSACTION
- control field: 20230606072228.0
008 - FIXED-LENGTH DATA ELEMENTS
- fixed length control field: 230606|| aca||aabn | a|a d
040 ## - CATALOGING SOURCE
- Original cataloging agency: JO-AjAnu
- Transcribing agency: JO-AjAnu
150 ## - HEADING--TOPICAL TERM
- Topical term or geographic name entry element: التراث الثقافي- البلدان الاسلامية
670 ## - SOURCE DATA FOUND
- Source citation: Work cat.: (JO-AjAnu)6191: عابد، عبد القاد ؛ م. مشارك بديع العايد , author 12016, دور التراث العلمي العربي الاسلامي في المنجزات العلمية الغربية